| 000 | 01028nam a22002415i 4500 | ||
|---|---|---|---|
| 001 | 159213 | ||
| 003 | ES-MaACL | ||
| 005 | 20250815062610.0 | ||
| 008 | 990202s1861 fr |||| | fre d | ||
| 040 |
_aCCPB | B _bspa _cCCPB | B |
||
| 100 | 1 |
_aMaury, Alfred. _9129748 |
|
| 245 | 1 | 3 |
_aLa terre et l'homme ou Aperçu historique de géologie, de géographie et d'ethnologie générales pour servir d'introduction á l'Histoire Universelle / _cpar L. F. Alfred Maury. |
| 250 | _a2ème éd. rev. et corr. | ||
| 260 |
_aParis : _bLibrairie de L. Hachette et Cie, _c1861 ( _fImprimerie de Ch. Lahure et Cie) |
||
| 300 |
_aVIII, 558 p. ; _c18 cm. |
||
| 490 | 1 | _aHistoire universelle | |
| 650 | 7 |
_aHistoria universal _2embne _913429 |
|
| 740 | 0 | _aAperçu historique de géologie, de géographie et d'ethnologie générales pour servir d'introduction á l'Histoire Universelle. | |
| 752 |
_aFrancia - _dParís |
||
| 830 | 0 | 0 |
_aHistoire universelle _9182495 |
| 852 |
_aES-MaACL _jG-10053 _z-- Enc. hol. |
||
| 999 |
_c159213 _d159213 |
||